00492nam a2200181Ia 450000500170000000800410001702000150005808200130007310000190008624500200010525000100012526000330013530000130016865000130018194200060019495200950020099900150029520240402011608.0240331s9999 xx 000 0 und d a0316854298 bHOBa330 aHobsbawm, Eric 4aThe new century a1 st. aLondon :bNew press /c2000. a176 p.,  aHistory. cL 001040708LaWERCLbWERCLcSSCd2024-03-31l0o 330 HOBp4228r2024-03-31w2024-03-31yL c2604d2604